00621nam a2200193Ia 4500008004100000020001300041082001700054100002500071245007000096250000700166260003600173300002400209500001900233600002700252650001500279942000700294952011100301999001500412240925s9999 xx 000 0 und d a70388350 a621.3815 LOW aLowenberg ,Edwin C. 0aSchuams outline Series Theory and Problems of Electronic Circuits aNA aNew York:bMc Graw HIllc,1967. a383p.bNAfOriginal aIncludes Index aElectronic Engineering aTechnology cBK 001040708ELaUITUbUITUd2004-06-22eGift l0o621.3815 LOWpQ5683r2024-09-25 07:13:56w2024-09-25yBK c8182d8182